Network ( Student's book 3 )

Spremljeno u:
Bibliografski detalji
Glavni autor: Bill Bowler
Format: Knjiga
Jezik:Undetermined
Izdano: Oxford Oxford Univ. Press 2000
Teme:
Oznake: Dodaj oznaku
Bez oznaka, Budi prvi tko označuje ovaj zapis!
Thư viện lưu trữ: Trung tâm Học liệu Trường Đại học Cần Thơ
LEADER 00585nam a2200193Ia 4500
001 CTU_42364
008 210402s9999 xx 000 0 und d
020 |b 94.000đ 
082 |a 428.24 
082 |b N477s/T3 
100 |a Bill Bowler 
245 0 |a Network ( Student's book 3 ) 
245 0 |c Bill Bowler, Sue Parminter 
260 |a Oxford 
260 |b Oxford Univ. Press 
260 |c 2000 
650 |a english language - study and teaching,english language - textbooks for foreign speakers 
904 |i Minh, 010720 
980 |a Trung tâm Học liệu Trường Đại học Cần Thơ